Statistics for NBA Career Scoring Leaders - Extreme

Click here to take the quiz!

General Stats

  • This quiz has been taken 3,440 times
  • The average score is 100 of 250

Answer Stats

PointsPlayer% Correct
34,241LeBron James
97%
32,292Michael Jordan
97%
33,643Kobe Bryant
96%
38,387Kareem Abdul-Jabbar
91%
17,707Magic Johnson
90%
28,596Shaquille O'Neal
90%
16,419Stephen Curry
87%
12,670Dell Curry
86%
15,535Dennis Johnson
86%
20,405Joe Johnson
85%
19,202Eddie Johnson
85%
12,748Mickey Johnson
85%
13,127Kevin Johnson
85%
21,791Larry Bird
85%
13,892Marques Johnson
85%
36,928Karl Malone
84%
31,419Wilt Chamberlain
84%
27,409Moses Malone
83%
17,231Jeff Malone
82%
14,034David West
81%
25,192Jerry West
81%
22,940Kevin Durant
80%
18,940Scottie Pippen
80%
31,560Dirk Nowitzki
78%
20,962James Harden
77%
26,496Tim Duncan
76%
18,364Julius Erving
75%
26,946Hakeem Olajuwon
74%
20,412Russell Westbrook
74%
23,165Dwyane Wade
74%
12,810Mychal Thompson
72%
24,368Allen Iverson
71%
14,234Glenn Robinson
71%
18,822Isiah Thomas
71%
19,591Clifford Robinson
71%
19,711John Stockton
71%
20,790David Robinson
71%
12,996Josh Smith
70%
13,309Jermaine O'Neal
70%
16,262Randy Smith
70%
13,430Steve Smith
70%
12,148J.R. Smith
70%
17,387Steve Nash
69%
26,071Kevin Garnett
69%
19,473Tony Parker
68%
23,757Charles Barkley
68%
18,829Chris Paul
67%
14,522Bill Russell
66%
24,815Patrick Ewing
66%
26,446Carmelo Anthony
65%
12,677Anthony Davis
65%
19,521Walter Davis
65%
13,447Baron Davis
65%
12,377Cazzie Russell
65%
26,397Paul Pierce
64%
25,728Vince Carter
64%
24,505Ray Allen
64%
16,278Andre Miller
63%
25,279Reggie Miller
63%
14,467Ricky Pierce
63%
12,252Marc Gasol
62%
20,894Pau Gasol
62%
14,043Manu Ginóbili
62%
26,710Oscar Robertson
61%
17,189Chris Bosh
59%
17,529Jason Kidd
59%
12,281Johnny Green
59%
12,331A.C. Green
59%
14,093Gus Williams
59%
12,976Stephen Jackson
58%
18,631Dwight Howard
58%
16,784Buck Williams
58%
13,804Deron Williams
58%
14,490Lou Williams
58%
12,690Jim Jackson
58%
12,489Mark Jackson
58%
16,159Juwan Howard
58%
22,195Clyde Drexler
57%
14,155Eddie Jones
55%
15,411Sam Jones
55%
21,813Gary Payton
53%
18,381Tracy McGrady
52%
17,772Lenny Wilkens
52%
17,335Kevin McHale
52%
26,668Dominique Wilkins
52%
13,220Jalen Rose
51%
14,887Damian Lillard
51%
13,016Paul George
51%
15,373Tim Hardaway
50%
12,993Kevin Love
50%
13,895Bob Love
49%
16,006Rasheed Wallace
48%
13,479Blake Griffin
48%
23,334Robert Parish
47%
26,395John Havlicek
47%
16,960Bob Cousy
46%
15,347Shawn Kemp
46%
14,018Fred Brown
45%
14,311Alonzo Mourning
45%
15,647Antoine Walker
44%
13,154Kemba Walker
44%
18,831Chet Walker
44%
16,320James Worthy
44%
15,948Pete Maravich
43%
15,994Amar'e Stoudemire
43%
23,149Elgin Baylor
43%
14,399Jo Jo White
42%
17,182Chris Webber
41%
15,802Chauncey Billups
41%
17,137Grant Hill
41%
20,708George Gervin
41%
17,911Chris Mullin
40%
12,996Horace Grant
40%
16,401Joe Dumars
40%
16,435DeMar DeRozan
40%
13,481Kyle Lowry
39%
20,880Bob Pettit
39%
12,480Red Kerr
39%
25,613Alex English
38%
13,790Bill Laimbeer
37%
27,313Elvin Hayes
37%
19,655Bernard King
36%
18,395Rick Barry
36%
12,430Caron Butler
35%
19,599LaMarcus Aldridge
34%
12,183Willis Reed
34%
13,398Vlade Divac
34%
13,058Metta World Peace
32%
15,581Walt Frazier
32%
18,787Bob McAdoo
32%
15,708Richard Hamilton
32%
14,904Richard Jefferson
31%
14,343Al Jefferson
31%
13,647Peja Stojaković
30%
13,552Andre Iguodala
28%
14,644Jason Richardson
28%
13,910Alvan Adams
28%
17,700Shawn Marion
28%
12,703Thaddeus Young
27%
17,454Earl Monroe
27%
15,579Rashard Lewis
27%
23,177Adrian Dantley
27%
12,408Mike Conley
26%
12,871Rik Smits
26%
15,761Detlef Schrempf
26%
20,497Mitch Richmond
26%
15,659Jeff Hornacek
25%
12,396Kevin Martin
25%
13,910Ron Harper
25%
16,006Derek Harper
25%
18,578Zach Randolph
25%
16,481Tiny Archibald
25%
15,097Byron Scott
25%
15,586Terry Porter
24%
18,336Glen Rice
24%
18,881Jason Terry
24%
20,042Antawn Jamison
24%
13,227Brook Lopez
24%
13,516Dave Cowens
24%
16,712Latrell Sprewell
24%
19,004Dale Ellis
23%
14,858Monta Ellis
23%
20,049Tom Chambers
23%
15,016Mike Mitchell
23%
14,698Mike Bibby
22%
12,417Charles Oakley
22%
12,781Lamar Odom
22%
16,297Stephon Marbury
22%
18,458Mark Aguirre
22%
12,964Bob Boozer
21%
15,635Sam Cassell
21%
13,976Carlos Boozer
21%
18,438Dolph Schayes
21%
17,253Kevin Willis
21%
12,195Maurice Cheeks
21%
17,955World B. Free
21%
16,827Elton Brand
21%
15,324Sam Perkins
20%
14,551Allan Houston
20%
14,053Jerry Lucas
20%
19,248Bob Lanier
20%
12,339Maurice Lucas
20%
13,919Paul Millsap
19%
15,579Artis Gilmore
19%
19,419Jamal Crawford
19%
19,181Gail Goodrich
19%
14,437Nate Thurmond
19%
21,586Hal Greer
19%
16,409Jerry Stackhouse
18%
16,266Paul Arizin
18%
14,053Dave DeBusschere
18%
15,687Larry Nance
18%
17,623Rolando Blackman
18%
12,713Bill Cartwright
18%
18,327Dave Bing
17%
17,306Michael Finley
17%
16,187Rudy Gay
17%
17,287Jack Sikma
17%
13,626Billy Cunningham
17%
14,862James Edwards
17%
12,367Danny Manning
16%
14,470Hersey Hawkins
15%
20,941Walt Bellamy
15%
12,809Paul Westphal
15%
14,659Dan Issel
15%
12,658Nick Van Exel
15%
12,884Derrick Coleman
15%
13,361Luol Deng
15%
17,949Calvin Murphy
15%
12,194Tom Heinsohn
15%
15,980Kiki Vandeweghe
14%
15,028Shareef Abdur-Rahim
14%
17,600Otis Thorpe
14%
19,460Terry Cummings
13%
14,644Jamaal Wilkes
13%
13,606Xavier McDaniel
12%
14,463Rod Strickland
12%
17,940Lou Hudson
12%
12,391Darrell Griffith
11%
19,015Reggie Theus
11%
15,530Bob Dandridge
11%
13,383Rudy Tomjanovich
11%
14,592Spencer Haywood
11%
13,858Chuck Person
11%
12,665Bill Sharman
10%
12,227Antonio McDyess
10%
12,914Kendall Gill
10%
12,455Joe Barry Carroll
10%
13,198Corey Maggette
10%
15,840Jack Twyman
9%
17,770Bailey Howell
9%
13,237Al Harrington
9%
12,740Johnny Newman
9%
12,260Sleepy Floyd
9%
13,017Jeff Mullins
9%
15,291John Drew
8%
15,079Dick Van Arsdale
8%
14,607Purvis Short
8%
15,358Dick Barnett
8%
12,142Kelly Tripucka
8%
14,232Tom Van Arsdale
8%
13,623Orlando Woolridge
8%
12,544Otis Birdsong
8%
13,447Cliff Hagan
7%
12,541Jack Marin
7%
14,676Richie Guerin
7%
12,878Wayman Tisdale
7%
12,803Sidney Wicks
7%
12,507Mike Newlin
6%
12,700Armen Gilliam
6%

Score Distribution

Percentile by Number Answered

Percent of People with Each Score

Your Score History

You have not taken this quiz